000 00414cam a2200181ua 4500
020 _c4.00
041 _ahin
_h
082 _a891.54
_bMUL/SA
100 _aMulkRaj Anand, .
245 _aSaat saal /
_cMulkraj anand.
_hTextual Documents
250 _a1 /
_b.
260 _a :
_bRajpal and Sanch ,
_c1962.
300 _a230 ; .
365 _a4.00
504 _a
942 _cBK
999 _c6442
_d6442